[Event "XXIX Open A"]
[Site "Zalakaros HUN"]
[Date "2010.06.02"]
[Round "8"]
[White "Steiner,B"]
[Black "Kernazhitsky,L"]
[Result "0-1"]
[WhiteElo "2209"]
[BlackElo "2354"]

1.c4 e5 2.g3 Nf6 3.Bg2 d5 4.cxd5 Nxd5 5.Nc3 Nb6 6.Nf3 Nc6 7.O-O Be7 8.a3 O-O
9.b4 Be6 10.Rb1 f6 11.d3 a5 12.b5 Nd4 13.Ne1 Qc8 14.e3 Nf5 15.Na4 Rd8 16.Qc2 Nxa4
17.Qxa4 Nd6 18.f4 Nf7 19.fxe5 Nxe5 20.d4 Nc4 21.Nd3 Nb6 22.Qc2 Bd5 23.e4 Bc4
24.Be3 Bxa3 25.Rf2 a4 26.Nc5 Kh8 27.Qc3 Bb3 28.Nxb3 axb3 29.Qxb3 Bd6 30.Ra2 Rxa2
31.Qxa2 Qg4 32.Rf1 Qh5 33.Qb3 Qe2 34.Bf3 Qc4 35.Qb1 Qe6 36.Rc1 Ra8 37.Qb2 Ba3
38.Qc2 Bxc1 39.Bxc1 Qc4 40.Qxc4 Nxc4 41.Bf4 c6 42.bxc6 bxc6 43.e5 g5 44.Bxc6 Ra1+
45.Kf2 gxf4 46.gxf4 Kg7 47.Bb5 Nb6 48.e6 Kf8  0-1

[Event "3rd Mayor's Cup"]
[Site "Mumbai IND"]
[Date "2010.06.10"]
[Round "11"]
[White "Ovetchkin,R"]
[Black "Thakur,Ak"]
[Result "1-0"]
[WhiteElo "2519"]
[BlackElo "2361"]

1.c4 e5 2.g3 Nf6 3.Bg2 d6 4.Nc3 Nbd7 5.Nf3 Be7 6.O-O O-O 7.d4 c6 8.e4 Qc7
9.h3 a6 10.a4 a5 11.Be3 Re8 12.d5 Nc5 13.Qc2 Na6 14.Rad1 cxd5 15.cxd5 Bd7
16.Rc1 Rec8 17.Nd2 b5 18.Qb1 b4 19.Nb5 Qb7 20.Nc4 Bxb5 21.Nxa5 Qd7 22.axb5 Qxb5
23.Rxc8+ Rxc8 24.Nc6 Qb7 25.Rc1 Kf8 26.Bf1 Nc5 27.Bxc5 dxc5 28.Nxe5 Nd7 29.Nc4 Ra8
30.e5 Bg5 31.f4 Qxd5 32.Rd1 Qf3 33.Qd3 Qxd3 34.Rxd3 Nxe5 35.Nxe5 Be7 36.Rd1 g5
37.Bc4 gxf4 38.gxf4 f6 39.Nc6  1-0

[Event "9th TCh-BIH Premier"]
[Site "Bihac BIH"]
[Date "2010.06.12"]
[Round "8"]
[White "Solak,D"]
[Black "Palac,M"]
[Result "1/2-1/2"]
[WhiteElo "2547"]
[BlackElo "2552"]

1.c4 e5 2.g3 Nf6 3.Bg2 d5 4.cxd5 Nxd5 5.Nc3 Nb6 6.Nf3 Nc6 7.O-O Be7 8.a4 a5
9.d3 Be6 10.Be3 Nd5 11.Nxd5 Bxd5 12.Rc1 O-O 13.Bc5 Re8 14.Qc2 Bxc5 15.Qxc5 b6
16.Qc3 Nd4 17.Nxd4 exd4 18.Qxd4 Bxg2 19.Qxd8 Raxd8 20.Kxg2 Rxe2 21.Rxc7 g6
22.b4 Rxd3 23.bxa5 bxa5  1/2-1/2

[Event "Coupe de France Q/F"]
[Site "Marseilles FRA"]
[Date "2010.06.12"]
[Round "1"]
[White "Doncea,V"]
[Black "Hauchard,A"]
[Result "1-0"]
[WhiteElo "2465"]
[BlackElo "2526"]

1.c4 e5 2.g3 d6 3.Bg2 f5 4.Nc3 Nf6 5.d3 Be7 6.e4 fxe4 7.Nxe4 O-O 8.Ne2 Nc6
9.Nxf6+ Bxf6 10.O-O Bg4 11.h3 Be6 12.Nc3 Qd7 13.Kh2 Nd4 14.Be3 c6 15.Ne4 Be7
16.Bxd4 exd4 17.f4 a6 18.Qc2 b5 19.c5 Bd5 20.cxd6 Bxd6 21.Qf2 Be5 22.Qg1 Bf6
23.b4 a5 24.a3 g6 25.Qh1 Be7 26.Qg1 Bxe4 27.Bxe4 axb4 28.axb4 Bxb4 29.Qg2 Rxa1
30.Rxa1 Rf6 31.Ra6 Be7 32.Bxc6 Qf5 33.Ra8+ Rf8 34.Qa2+ Kh8 35.Ra7 Bc5 36.Be4 Qf6
37.Rc7 Bd6 38.Rc6 Rd8 39.Qd5 b4 40.h4 Kg7 41.Ra6 Kh6 42.Kg2 Qe7 43.Qxd4 Bxf4
44.Ra7 Bc7 45.Qc4 Rd7 46.Qb5 Qd6 47.Qg5+ Kg7 48.h5 h6 49.Qg4 g5 50.Ra6 Qd4
51.Qe6 Kf8 52.Qxh6+ Qg7 53.Qe6 g4 54.Ra8+ Rd8 55.Ra2 Qd7 56.Rf2+ Kg7 57.h6+ Kh8
58.Qf6+  1-0

[Event "4th Open"]
[Site "Varna BUL"]
[Date "2010.06.12"]
[Round "1"]
[White "Spiridonov,Niko1"]
[Black "Kovachev,R"]
[Result "1-0"]
[WhiteElo "2313"]
[BlackElo "1631"]

1.c4 e5 2.g3 Nf6 3.Bg2 Bc5 4.Nc3 Nc6 5.e3 O-O 6.Nge2 h6 7.O-O a6 8.a3 a5
9.b3 Ne7 10.Bb2 c6 11.Na4 Bd6 12.d4 Ng6 13.dxe5 Bxe5 14.Bxe5 Nxe5 15.Qd6 Re8
16.c5 Re6 17.Qd4 d5 18.cxd6 Qxd6 19.Nb6 Rb8 20.Rfd1 Qxd4 21.Nxd4 Re8 22.h3 Ned7
23.Nxc8 Rexc8 24.e4 Nc5 25.e5 Nd5 26.Rac1 Ne6 27.Nf5 Rd8 28.Bxd5 cxd5 29.Rxd5 Kh7
30.Rcd1 b6 31.Rxd8 Rxd8 32.Rxd8 Nxd8 33.Nd6 Nc6 34.f4 Nd4 35.Nxf7 Kg8 36.Nd6 g6
37.Nc4 Nb5 38.Kf2 Kf7 39.Ke3 Ke6 40.a4  1-0

[Event "14th Master Open"]
[Site "Voronezh RUS"]
[Date "2010.06.13"]
[Round "2"]
[White "Dmitriev,Ig"]
[Black "Cherenkov,And"]
[Result "1-0"]
[WhiteElo "2369"]
[BlackElo "2205"]

1.g3 e5 2.c4 Nf6 3.Bg2 d5 4.cxd5 Nxd5 5.Nf3 Nc6 6.O-O Be7 7.d4 e4 8.Ne5 Nxe5
9.dxe5 f5 10.exf6 Nxf6 11.Qb3 Qd7 12.Nc3 Qc6 13.Bg5 Be6 14.Qb5 Qxb5 15.Nxb5 O-O-O
16.Nxa7+ Kb8 17.Nb5 Rd5 18.Bxf6 Bxf6 19.Nc3 Rd2 20.Nxe4 Rxb2 21.Nxf6 gxf6
22.Rab1 Rxb1 23.Rxb1 b6 24.Rd1 Ka7 25.Bc6 Ka6 26.Rd4 Ka5  1-0

[Event "14th Master Open"]
[Site "Voronezh RUS"]
[Date "2010.06.14"]
[Round "3"]
[White "Ponomarev,Dm"]
[Black "Krylov,M RUS"]
[Result "1/2-1/2"]
[WhiteElo "2365"]
[BlackElo "2530"]

1.c4 e5 2.g3 Nc6 3.Bg2 f5 4.Nc3 Nf6 5.e3 d5 6.cxd5 Nb4 7.d3 Nfxd5 8.Nxd5 Nxd5
9.Nf3 Bd6 10.O-O Qe7 11.e4 fxe4 12.Ng5 Nf6 13.Nxe4 Nxe4 14.Bxe4 O-O 15.Bxb7 Bxb7
16.Qb3+ Qf7 17.Qxb7 Rab8 18.Qc6 Qf3 19.Qxf3 Rxf3 20.Be3 Rxb2 21.Rfb1 Rxb1+
22.Rxb1 a5 23.Rb5 a4 24.Ra5 a3 25.Kg2 Rf8 26.Bc5 Bxc5 27.Rxc5 Rb8 28.Ra5 Kf7
29.Rxa3 Ke6 30.Kf3 Rb1 31.Ke3 Re1+ 32.Kd2 Ra1 33.h4 Kf5 34.Ra4 h6 35.g4+ Ke6
36.Ra6+ Kd5 37.h5 Kd4 38.Ra4+ Kd5 39.f3 Rf1  1/2-1/2

[Event "4th Open"]
[Site "Varna BUL"]
[Date "2010.06.15"]
[Round "4"]
[White "Soyunlu,N"]
[Black "Aliyev,Elnur"]
[Result "0-1"]
[WhiteElo "1786"]
[BlackElo "2152"]

1.c4 e5 2.g3 Nc6 3.Bg2 Nf6 4.Nc3 Bb4 5.Nd5 Bc5 6.Nxf6+ Qxf6 7.e3 d6 8.Ne2 Bg4
9.O-O Bf3 10.Bxf3 Qxf3 11.Nc3 Qxd1 12.Rxd1 h5 13.h3 f5 14.Nb5 Bb6 15.d4 a6
16.c5 axb5 17.cxb6 e4 18.Bd2 cxb6 19.a3 Kd7 20.f3 exf3 21.Kf2 h4 22.Kxf3 hxg3
23.Kxg3 Rae8 24.d5 Na5 25.Bxa5 bxa5 26.Rd3 Re5 27.Rc1 g5 28.Rdc3 Rxd5 29.Rc7+ Ke6
30.Rxb7 Rd3 31.Rc3 Rxc3 32.bxc3 Rc8 33.Rxb5 Rc5 34.Rb3 Ke5 35.Kf3 d5 36.Rb8 Rxc3
37.Re8+ Kf6 38.Rf8+ Ke6 39.Rg8 d4 40.Rg6+ Ke5 41.Rxg5 Rxe3+ 42.Kg2 Rxa3 43.h4 d3
44.Rg8 Ra4 45.Re8+ Kf4 46.Rd8 Ke3 47.Re8+ Re4  0-1

[Event "Open"]
[Site "Teplice CZE"]
[Date "2010.06.16"]
[Round "5"]
[White "Kovar,Jo"]
[Black "Tuma,Ja"]
[Result "1/2-1/2"]
[WhiteElo "2024"]
[BlackElo "2325"]

1.c4 e5 2.g3 Nf6 3.Bg2 c6 4.Nf3 e4 5.Nd4 d5 6.cxd5 cxd5 7.O-O Bc5 8.Nb3 Bb6
9.Nc3 O-O 10.d4 Nc6 11.Bg5 Be6 12.f3 exf3 13.Rxf3 Ne5 14.Rf4 Nc4 15.e4 dxe4
16.Nxe4 Ne3 17.Qf3 Ned5 18.Nxf6+ Nxf6 19.Rd1 Bd5 20.Qf1 Bxg2 21.Qxg2 Rc8
22.Bxf6 gxf6 23.Qd2 Kh8 24.Rdf1 a5 25.Qd3 Rg8 26.Rh4 Rg7 27.Rf5 Rc6 28.Rfh5 f5
29.Qxf5 Rcg6 30.Qe5 Kg8 31.Kg2 Bc7 32.Qe4 Qb8 33.Rh3 b6  1/2-1/2

[Event "4th Open"]
[Site "Varna BUL"]
[Date "2010.06.16"]
[Round "5"]
[White "Spiridonov,Niko1"]
[Black "Komarov,Di"]
[Result "1/2-1/2"]
[WhiteElo "2313"]
[BlackElo "2521"]

1.c4 e5 2.g3 c6 3.d4 e4 4.d5 cxd5 5.cxd5 Nf6 6.Qd4 Na6 7.Bg5 Nb4 8.Bxf6 Qxf6
9.Qxe4+ Kd8 10.Nc3 Bc5 11.O-O-O d6 12.a3 Na6 13.Qf3 Qxf3 14.exf3 Bxf2 15.Ne4 Be3+
16.Kb1 Bf5 17.Bd3 Bxe4 18.Bxe4 Nc5 19.Bc2 Re8 20.Nh3 Rc8 21.Rhe1 Rc7 22.Re2 Rce7
23.Rde1 h6 24.b4 Nd7 25.Ba4 Bd4 26.Rxe7 Rxe7 27.Rxe7 Kxe7 28.Bxd7 Kxd7 29.Nf4 Bg1
30.h3 Bf2 31.g4 Ke7 32.Kc2 Be3 33.Ng2 Bb6 34.Kd3 Kf6 35.Ke4 g6 36.f4 Bf2
37.a4 a6 38.b5  1/2-1/2

[Event "14th Master Open"]
[Site "Voronezh RUS"]
[Date "2010.06.16"]
[Round "5"]
[White "Potapova,M"]
[Black "Provotorov,I"]
[Result "0-1"]
[WhiteElo "1849"]
[BlackElo "2405"]

1.c4 e5 2.g3 Nc6 3.Bg2 g6 4.Nc3 Bg7 5.e3 d6 6.Nge2 f5 7.d3 Nf6 8.O-O O-O
9.Rb1 Be6 10.b4 Qd7 11.b5 Nd8 12.a4 Rb8 13.Bd2 g5 14.f4 gxf4 15.exf4 Bf7
16.a5 Ne6 17.Qc2 Bh5 18.Be3 b6 19.Bc6 Qd8 20.axb6 axb6 21.Kh1 Kh8 22.Bg1 Nd7
23.Bg2 Ndc5 24.Nd5 Qd7 25.Ne3 Bxe2 26.Qxe2 Nd4 27.Qd1 Rbe8 28.Nc2 Qe6 29.Nxd4 exd4
30.Re1 Qxe1 31.Qxe1 Rxe1 32.Rxe1 Nxd3 33.Re7 Nc5 34.Rxc7 d3 35.Bxc5 dxc5
36.Rd7 Bd4 37.Re7 d2 38.Bf3 Ra8 39.Re6 Ra1+ 40.Kg2 d1=Q  0-1

[Event "Open"]
[Site "Eforie Nord ROU"]
[Date "2010.06.18"]
[Round "1"]
[White "Georgescu,T"]
[Black "Popa,Ma"]
[Result "1-0"]
[WhiteElo "2404"]
[BlackElo "1918"]

1.c4 e5 2.g3 Nf6 3.Bg2 d5 4.cxd5 Nxd5 5.Nc3 c6 6.Nf3 Bd6 7.O-O O-O 8.d4 Nxc3
9.bxc3 Nd7 10.e4 Qe7 11.Re1 Nf6 12.h3 Nd7 13.a4 b6 14.Qb3 Kh8 15.Bb2 Bb7
16.a5 c5 17.a6 Bc8 18.dxe5 Nxe5 19.Nxe5 Bxe5 20.f4 Be6 21.Qc2 Bc7 22.c4 Rad8
23.e5 Qd7 24.Rad1 Qc8 25.Bb7 Bf5 26.Qe2 Qb8 27.g4 Bc8 28.Qe4 Rxd1 29.Rxd1 Rd8
30.Rxd8+ Bxd8 31.Qc6  1-0

[Event "14th Master Open"]
[Site "Voronezh RUS"]
[Date "2010.06.18"]
[Round "6"]
[White "Potapova,M"]
[Black "Grigorian,V"]
[Result "0-1"]
[WhiteElo "1849"]
[BlackElo "2297"]

1.c4 e5 2.g3 f5 3.Bg2 Nf6 4.d3 Nc6 5.Nf3 Be7 6.O-O O-O 7.Nc3 d6 8.Rb1 a5
9.a3 Bd7 10.b4 axb4 11.axb4 Qc8 12.Bd2 h6 13.b5 Nd4 14.Nxd4 exd4 15.Nd5 Nxd5
16.cxd5 b6 17.Qc2 Qb7 18.Qc4 Bf6 19.Rfc1 Ra7 20.Rc2 Rfa8 21.Rb4 Ra1+ 22.Bc1 R8a3
23.Rb3 Rxb3 24.Qxb3 Ra5 25.Qc4 Bxb5 26.Qxc7 Qxc7 27.Rxc7 Ba4 28.Rb7 Rb5 29.Bf4 Rb1+
30.Bf1 Bd1 31.Kg2 Bb3 32.Rb8+ Kf7 33.Bxd6 Bxd5+ 34.f3 Be7 35.Be5 Bf6 36.Bd6 Be7
37.Be5 Bf6 38.Bd6 g5 39.Kf2 h5 40.f4 g4 41.Rf8+ Kg7 42.Re8 h4 43.Bg2 Bxg2
44.Kxg2 h3+ 45.Kf2 Rh1 46.Be5 Rxh2+ 47.Kf1 Kf7 48.Rb8 Bxe5 49.fxe5 Ke6 50.Rxb6+ Kxe5
51.Rb5+ Kf6 52.Rd5 Rxe2  0-1

[Event "Open"]
[Site "Teplice CZE"]
[Date "2010.06.19"]
[Round "8"]
[White "Maly,Jiri"]
[Black "Valenta,P"]
[Result "0-1"]
[WhiteElo "1720"]
[BlackElo "1967"]

1.c4 e5 2.g3 c6 3.Bg2 Nf6 4.Nc3 d6 5.d3 h6 6.Nf3 Be6 7.O-O Be7 8.h3 Nbd7
9.b3 Qc7 10.Bb2 g5 11.Nd2 Nf8 12.Rc1 Qd7 13.g4 h5 14.f3 Ng6 15.Nce4 Nxe4
16.Nxe4 f5 17.Nf2 hxg4 18.fxg4 fxg4 19.Nxg4 Bxg4 20.hxg4 Qxg4 21.e3 Qh4 22.Qf3 Qh2+
23.Kf2 Rf8 24.Qxf8+ Kxf8 25.Rh1 Qxh1 26.Rxh1 Kg7 27.d4 Bf6 28.Be4 exd4 29.Bxd4 Bxd4
30.exd4 Rh8 31.Rxh8 Nxh8 32.b4 Nf7 33.a4 Nd8 34.Kf3 Kf6 35.Kg4 b6 36.b5 c5
37.dxc5 dxc5 38.Bd5 Ne6 39.Bf3 Nf4 40.Be4 Ke5 41.Bf5 Ne6 42.Bh7 Kd4 43.Bg8 Nf4
44.Kxg5 Nd3 45.Kf5 Nb2 46.Ke6 Kxc4 47.Kd6+ Kb4 48.Be6 Nxa4 49.Bd7 Nc3  0-1

[Event "14th Master Open"]
[Site "Voronezh RUS"]
[Date "2010.06.19"]
[Round "7"]
[White "Ponomarev,Dm"]
[Black "Kalegin,E"]
[Result "1/2-1/2"]
[WhiteElo "2365"]
[BlackElo "2458"]

1.c4 e5 2.g3 Nf6 3.Bg2 d5 4.cxd5 Nxd5 5.Nf3 Nc6 6.O-O Be7 7.d4 exd4 8.Nxd4 Nxd4
9.Qxd4 Nf6 10.Qxd8+ Bxd8 11.Nc3 c6 12.b4 a6 13.a4 O-O 14.Be3 Be7 15.b5 axb5
16.axb5 Bd7 17.bxc6 Bxc6 18.Rxa8 Rxa8 19.Rb1 Rc8 20.Bh3 Rd8 21.Bg2 h6 22.h3 Kf8
23.Bxc6 bxc6 24.Rb7 Rc8 25.Na4 Nd5 26.Bc5 Bxc5 27.Nxc5 Rc7 28.Rb2 Ke7 29.e4 Nf6
30.f4 Nd7 31.Nxd7 Rxd7 32.Kf2 Rd3 33.Rb7+ Ke6 34.Rc7 Rc3 35.f5+ Kf6 36.e5+ Kxf5
37.Rxf7+ Kxe5 38.Rxg7 Kf6 39.Rh7 Kg6 40.Rh8 c5 41.Rc8 h5 42.Rg8+ Kf5 43.Rh8 Kg6  1/2-1/2

[Event "4th Open"]
[Site "Varna BUL"]
[Date "2010.06.20"]
[Round "9"]
[White "Soyunlu,N"]
[Black "Hristov,P"]
[Result "0-1"]
[WhiteElo "1786"]
[BlackElo "2014"]

1.c4 e5 2.g3 c6 3.d4 e4 4.Nc3 f5 5.Bg2 Nf6 6.Nh3 Be7 7.O-O O-O 8.f3 exf3
9.Bxf3 d6 10.Nf4 Na6 11.b3 Nc7 12.Qd3 g5 13.Nh5 g4 14.Nxf6+ Bxf6 15.Bg2 Ne6
16.d5 Nc5 17.Qc2 Qe8 18.Bb2 Bd4+ 19.Kh1 Bd7 20.Rad1 Be5 21.dxc6 bxc6 22.b4 Na6
23.b5 Nc7 24.bxc6 Bxc6 25.Nd5 Nxd5 26.cxd5 Ba4 27.Qd2 Bxd1 28.Rxd1 Qe7 29.Qe3 Rae8
30.Bxe5 Qxe5 31.Qxa7 Ra8 32.Qd7 Rxa2 33.Qe6+ Kh8 34.Qxe5+ dxe5 35.e4 Rfa8
36.exf5 Ra1 37.Rf1 Kg7 38.Kg1 Kf6 39.Be4 Rxf1+ 40.Kxf1 Ra4 41.Bc2 Rd4 42.Bb3 Kxf5
43.Ke2 e4 44.Ba2 Ke5 45.Bb3 Rb4 46.Bd1 Kxd5 47.Ke3 h5 48.Kf4 Rb2 49.Ba4 Rxh2
50.Bb3+ Kd4 51.Bf7 e3  0-1

[Event "14th FIDE Open"]
[Site "Voronezh RUS"]
[Date "2010.06.20"]
[Round "8"]
[White "Obraztsov,Nikita"]
[Black "Kopytin,V"]
[Result "0-1"]
[WhiteElo "1852"]
[BlackElo "2083"]

1.c4 e5 2.g3 Nc6 3.Nc3 Nf6 4.Bg2 Bb4 5.Nd5 Nxd5 6.cxd5 Nb8 7.Nf3 Qe7 8.a3 Ba5
9.Qc2 c6 10.b4 Bb6 11.Bb2 d6 12.b5 c5 13.O-O O-O 14.d3 f5 15.Nd2 f4 16.Ne4 g5
17.Qd2 h6 18.Rac1 Nd7 19.a4 Nf6 20.Ba1 Nxe4 21.dxe4 Bd7 22.Rc4 Rf7 23.Qd3 Raf8
24.Bc3 Qf6  0-1

[Event "14th Master Open"]
[Site "Voronezh RUS"]
[Date "2010.06.21"]
[Round "9"]
[White "Romanov,E"]
[Black "Kalegin,E"]
[Result "1-0"]
[WhiteElo "2594"]
[BlackElo "2458"]

1.g3 e5 2.c4 Nf6 3.Bg2 d5 4.cxd5 Nxd5 5.Nf3 Nc6 6.O-O Nb6 7.b3 Bd6 8.Bb2 O-O
9.Nc3 Qe7 10.d3 f5 11.Nd2 Nd4 12.e3 Ne6 13.Nb5 Ng5 14.Nxd6 cxd6 15.f4 Nf7
16.e4 fxe4 17.dxe4 Bd7 18.a4 a5 19.Qe2 Bc6 20.Qe3 Nd7 21.Nc4 Rfe8 22.Rfe1 Nf6
23.Rad1 Qc7 24.fxe5 dxe5 25.Rc1 Nd7 26.Bh3 Nf6 27.Qc5 Qe7 28.Qxe7 Rxe7 29.Bg2 Ng5
30.Bxe5 Rae8 31.Bxf6 gxf6 32.h4 Nxe4 33.Nxa5 Bd5 34.Rcd1 Bf7 35.Bxe4 Rxe4
36.Rxe4 Rxe4 37.Rd8+ Kg7 38.Rd7 Rb4 39.Rxb7 Rxb7 40.Nxb7 Bxb3 41.a5 Bd5 42.a6 Kf7
43.Nd6+ Ke6 44.Nc8 Bf3 45.Kf2 Bh1 46.Nb6 Kf5 47.Ke3 h5 48.Kd4 Ke6 49.a7 Bb7
50.a8=Q Bxa8 51.Nxa8 Kf5 52.Ke3  1-0

[Event "Open"]
[Site "Eforie Nord ROU"]
[Date "2010.06.25"]
[Round "9"]
[White "Prodileanu,A"]
[Black "Bonte,An"]
[Result "0-1"]
[WhiteElo "2170"]
[BlackElo "2307"]

1.c4 e5 2.g3 Nf6 3.Bg2 d5 4.cxd5 Nxd5 5.Nc3 Nb6 6.Nf3 Nc6 7.O-O Be7 8.a3 O-O
9.b4 Be6 10.d3 f6 11.Bb2 a5 12.b5 Nd4 13.Nd2 Qd7 14.Bxb7 Rab8 15.Bg2 Nxb5
16.Nxb5 Qxb5 17.Qc2 c5 18.Rab1 Qa6 19.Rfc1 a4 20.Nc4 Nxc4 21.dxc4 Rb3 22.Be4 f5
23.Bd5 Bxd5 24.cxd5 Bd6 25.Ra1 Qb7 26.Ra2 Qxd5 27.Qc4 Qxc4 28.Rxc4 Ra8 29.e4 g6
30.Bc1 Kf7 31.Rd2 Ke6 32.Kg2 Rb1 33.Re2 Rb3 34.Rd2 f4 35.f3 Rb1 36.Rdc2 h5
37.Bb2 g5 38.h3 Rd1 39.Bc3 Rb8 40.Rxa4 Rbb1 41.gxf4 gxf4 42.Ra6 Kd7 43.Ra7+ Kc6
44.Ra6+ Kb5 45.Ra5+ Kb6 46.Ra8 c4 47.Re8 Rg1+  0-1

[Event "Open"]
[Site "Eforie Nord ROU"]
[Date "2010.06.26"]
[Round "10"]
[White "Maksimov,O"]
[Black "Corlatescu,D"]
[Result "1/2-1/2"]
[WhiteElo "2338"]
[BlackElo "2176"]

1.c4 e5 2.g3 Nc6 3.Bg2 Bc5 4.e3 d6 5.Ne2 a6 6.d4 Ba7 7.b3 Bg4 8.d5 Nce7 9.h3 Bh5
10.Nbc3 f5 11.Bb2 Nf6 12.Qd2 O-O 13.O-O-O Qe8 14.Kb1 b5 15.Ka1 bxc4 16.bxc4 Rb8
17.Ba3 Nd7 18.Rb1 Bc5 19.Bxc5 Nxc5 20.Rxb8 Qxb8 21.Rb1 Qa7 22.f4 Rb8 23.Nc1 Nc8
24.Bf1 Rxb1+ 25.Kxb1 Nb6 26.Nb3 Nbd7 27.Bd3 e4 28.Bf1  1/2-1/2

[Event "1st Open"]
[Site "Marrakesh MAR"]
[Date "2010.06.29"]
[Round "6"]
[White "Romanov,E"]
[Black "Kunin,V"]
[Result "1-0"]
[WhiteElo "2594"]
[BlackElo "2535"]

1.c4 e5 2.g3 Nf6 3.Bg2 d5 4.cxd5 Nxd5 5.Nf3 Nc6 6.O-O Be7 7.d4 e4 8.Ne5 f5
9.Nxc6 bxc6 10.Qc2 Nb4 11.Qa4 Bd7 12.Nc3 c5 13.Qd1 cxd4 14.Qxd4 O-O 15.Qc4+ Kh8
16.Bf4 c5 17.a3 Nc2 18.Rac1 Nd4 19.e3 Nf3+ 20.Bxf3 exf3 21.Rfd1 Qe8 22.Bd6 Bxd6
23.Rxd6 Rb8 24.Rcd1 Bb5 25.Qxc5 Be2 26.Re1 Rxb2 27.Qd4 Rg8 28.Nd5 Rb8 29.Nf4  1-0

[Event "Sparkassen Open"]
[Site "Nettetal GER"]
[Date "2010.07.04"]
[Round "2"]
[White "Carlstedt,J"]
[Black "Pilat,F"]
[Result "1-0"]
[WhiteElo "2379"]
[BlackElo "1944"]

1.c4 e5 2.g3 Nc6 3.Bg2 f5 4.Nc3 Nf6 5.d3 Bb4 6.Bd2 O-O 7.e3 d6 8.Nge2 Kh8
9.O-O Bxc3 10.Nxc3 Qe8 11.Nd5 Qf7 12.Rc1 Nd8 13.f4 c6 14.Nxf6 Qxf6 15.Bc3 Qe7
16.e4 Nf7 17.Qh5 Nh6 18.h3 Kg8 19.Rce1 Qc7 20.fxe5 dxe5 21.exf5 Bxf5 22.Bxe5 Qb6+
23.Kh1 Bxd3 24.Rxf8+ Rxf8 25.Qg5 Bg6 26.Bc3 Nf7 27.Qe7 h6 28.Qe6 c5 29.Qxb6 axb6
30.Re7 Bd3 31.Bd5 b5 32.cxb5 Bxb5 33.Rxb7 Bd3 34.a4  1-0

[Event "ch-NOR"]
[Site "Fredrikstad NOR"]
[Date "2010.07.05"]
[Round "4"]
[White "Ostenstad,B"]
[Black "Sahl,Bj"]
[Result "1-0"]
[WhiteElo "2466"]
[BlackElo "2360"]

1.c4 e5 2.g3 Nc6 3.Bg2 Nf6 4.Nc3 Bc5 5.a3 a6 6.e3 O-O 7.Nge2 Re8 8.d3 d6
9.O-O Ba7 10.h3 Be6 11.Nd5 Bxd5 12.cxd5 Ne7 13.Nc3 c6 14.dxc6 bxc6 15.b4 a5
16.b5 Rc8 17.bxc6 Nxc6 18.Nb5 Bb8 19.e4 Nd7 20.Be3 Nc5 21.Rc1 Ba7 22.Nxa7 Nxa7
23.d4 exd4 24.Bxd4 Nb5 25.Bb2 a4 26.Rc4 Qd7 27.Rb4 Na7 28.Rd4 Nb5 29.Rd5 Qe6
30.Re1 f6 31.Bf1 Qd7 32.e5 fxe5 33.Rexe5 Rxe5 34.Bxe5 Kh8 35.Bxb5 Qxb5 36.Bxg7+ Kxg7
37.Qg4+  1-0

[Event "Sparkassen Open"]
[Site "Nettetal GER"]
[Date "2010.07.06"]
[Round "4"]
[White "Carlstedt,J"]
[Black "Waldschmidt,G"]
[Result "1-0"]
[WhiteElo "2379"]
[BlackElo "2241"]

1.c4 e5 2.g3 Nf6 3.Bg2 c6 4.d4 exd4 5.Qxd4 d5 6.cxd5 cxd5 7.Nf3 Nc6 8.Qa4 Be7
9.O-O O-O 10.Nc3 Qb6 11.Qb5 d4 12.Qxb6 axb6 13.Nb5 Bc5 14.Rd1 Rd8 15.Bf4 Be6
16.Bc7 Rdc8 17.Be5 Rxa2 18.Rxa2 Bxa2 19.Bxf6 gxf6 20.Nbxd4 Nxd4 21.Nxd4 Bxd4
22.Rxd4 Rc1+ 23.Bf1 Bc4 24.Rd2 b5 25.f4 b4 26.Kf2 b3 27.Bg2 b5 28.Be4 h6
29.Ke3 Re1 30.h4 Kf8 31.Bf5 Ke7 32.h5 Rh1 33.Bg4 Rg1 34.Kf2 Rc1 35.Bf3 Rc2
36.Ke3 Rc1 37.g4 Rg1 38.Kf2 Ra1 39.e4 Rf1+ 40.Kg3 Rg1+ 41.Kf2 Rf1+ 42.Kg2 Rc1
43.Bd1 Be2 44.Rxe2 Rxd1 45.e5 Rc1 46.Kf3 Rf1+ 47.Ke4 fxe5 48.Kxe5 Rc1 49.Re3 Rc4
50.Rxb3 b4 51.Re3 Rc2 52.b3 f6+ 53.Kf5+ Kf7 54.Rd3 Rc5+ 55.Ke4 Ke7 56.Rd4 Rb5
57.Rd5 Rb7 58.Kf5 Kf7 59.Rc5 Kg7 60.Ra5 Kf7 61.Rd5 Kg7 62.Ke6 Rb6+ 63.Rd6 Rb7
64.f5  1-0

[Event "XII Open"]
[Site "Torredembarra ESP"]
[Date "2010.07.08"]
[Round "6"]
[White "Moskalenko,V1"]
[Black "Gomez Garrido,C"]
[Result "1-0"]
[WhiteElo "2565"]
[BlackElo "2499"]

1.c4 e5 2.g3 Nc6 3.Bg2 Bc5 4.Nc3 d6 5.e3 a6 6.Nge2 Ba7 7.a3 Be6 8.Nd5 h5
9.h3 f5 10.Qc2 Qd7 11.b4 Nd8 12.e4 Qf7 13.d4 c6 14.Ne3 Ne7 15.d5 cxd5 16.exd5 Bd7
17.c5 O-O 18.Nc4 Nxd5 19.Nxd6 Qe6 20.O-O Bb8 21.Rd1 Bc6 22.Qa2 Ne7 23.Nxf5 Nxf5
24.Rxd8 Qxa2 25.Rxf8+ Kxf8 26.Rxa2 Bc7 27.Rd2 Ke7 28.Nc3 Bxg2 29.Kxg2 Ke6
30.Nd5 Bd8 31.Bb2 a5 32.Re2 Nh4+ 33.gxh4 Kxd5 34.Rxe5+ Kc4 35.Rxh5 axb4 36.axb4 g6
37.Rh8 Kxb4 38.Bd4 Rb8 39.Be5 Ra8 40.Bd4 Rb8 41.Kf3 Kc4 42.Be3 Bc7 43.Rxb8 Bxb8
44.Kg4 Bc7 45.Kg5 Bd8+ 46.Kxg6  1-0

[Event "XII Open"]
[Site "Torredembarra ESP"]
[Date "2010.07.08"]
[Round "6"]
[White "Milchev,N"]
[Black "Gomez Ledo,R"]
[Result "0-1"]
[WhiteElo "2360"]
[BlackElo "2445"]

1.c4 e5 2.g3 Nc6 3.Bg2 Bc5 4.Nc3 d6 5.e3 a6 6.Nge2 Ba7 7.a3 Nge7 8.b4 O-O
9.d3 Be6 10.Nd5 Qd7 11.h3 Nd8 12.d4 Ng6 13.e4 f5 14.exf5 Bxf5 15.Ne3 Kh8
16.Bb2 Be6 17.Qc2 exd4 18.Nxd4 Bxd4 19.Bxd4 Nc6 20.Bb2 Rae8 21.O-O-O Qf7
22.f4 Nge7 23.Rhe1 Nf5 24.Nxf5 Bxf5 25.Qc3 Be6 26.Re4 Bf5 27.Rxe8 Rxe8 28.Bd5 Qe7
29.g4 Bc8 30.Kb1 Nb8 31.Ka2 Qf8 32.h4 Bxg4 33.Rg1 h5 34.Bf3 Nd7 35.Bxg4 hxg4
36.h5 Qf6 37.Qc1 Qh6 38.Rxg4 Nf6 39.Rg5 Re2 40.Ka1 Rh2 41.Qg1 Rh4 42.Ka2 Rxh5
43.Rg6 Qxf4 44.Bxf6 Qxc4+ 45.Ka1 gxf6  0-1

[Event "ZDMI Open"]
[Site "Dresden GER"]
[Date "2010.07.10"]
[Round "1"]
[White "Raden,Hans-Joachim"]
[Black "Berndt,Ma"]
[Result "0-1"]
[WhiteElo "1786"]
[BlackElo "2177"]

1.c4 e5 2.g3 Nc6 3.Bg2 g6 4.Nc3 Bg7 5.Nf3 d6 6.O-O Be6 7.d3 Qc8 8.Rb1 Bh3
9.Bxh3 Qxh3 10.Nd5 Qd7 11.Bd2 Nd8 12.b4 c6 13.Nc3 f5 14.b5 Nf6 15.e4 Ne6
16.exf5 gxf5 17.Re1 O-O 18.Qc1 f4 19.Ne4 Nxe4 20.Rxe4 fxg3 21.Kg2 Qf7 22.Qd1 Nd4
23.Re3 Bh6 24.hxg3 Bxe3  0-1

[Event "1st Open"]
[Site "Vaujany FRA"]
[Date "2010.07.10"]
[Round "1"]
[White "Horvath,Jo1"]
[Black "Junca,S"]
[Result "1-0"]
[WhiteElo "2552"]
[BlackElo "2048"]

1.c4 e5 2.g3 Nc6 3.Bg2 g6 4.Nc3 Bg7 5.Rb1 a5 6.d3 Nge7 7.e4 O-O 8.Nge2 d6
9.O-O Nd4 10.Nxd4 exd4 11.Ne2 c6 12.f3 f5 13.a3 fxe4 14.dxe4 c5 15.Bg5 Ra7
16.Qd2 b6 17.Nf4 Bf6 18.h4 Bxg5 19.hxg5 Nc6 20.Nd5 Ne5 21.f4 Nf7 22.Bf3 Kg7
23.Kg2 Be6 24.Rbe1 Rh8 25.Rh1 Bxd5 26.exd5 h6 27.Re6 Re7 28.Qd3 Rxe6 29.dxe6 Nxg5
30.fxg5 Qxg5 31.Rf1 Rf8 32.Qe4  1-0

[Event "ch-TUR w"]
[Site "Konya TUR"]
[Date "2010.07.13"]
[Round "8"]
[White "Durmaz,A"]
[Black "Isparta,Sevim"]
[Result "0-1"]
[WhiteElo "1807"]
[BlackElo "1605"]

1.c4 e5 2.g3 Nc6 3.Bg2 g6 4.Nc3 Bg7 5.Nf3 d6 6.O-O f5 7.d3 Nf6 8.Rb1 a5 9.a3 O-O
10.b4 axb4 11.axb4 h6 12.b5 Ne7 13.e3 Be6 14.Nd2 d5 15.cxd5 Nexd5 16.Nxd5 Nxd5
17.Qc2 Qe7 18.Nc4 Rfd8 19.Rd1 e4 20.d4 Nb4 21.Qb3 Nd3 22.Qc3 Ra4 23.Ba3 Qf7
24.Nb2 Nxb2 25.Rxb2 Rda8 26.Bb4 Bc4 27.Bf1 Be6 28.Rc1 Rc8 29.Qc2 Raa8 30.Qb1 Ba2
31.Qc2 c5 32.Bd2 Kh7 33.Be1 cxd4 34.Qxc8 Rxc8 35.Rxc8 d3 36.Bc3 Qd7 37.Rc5 Bxc3
38.Rxc3 d2 39.Be2 d1=Q+ 40.Bxd1 Qxd1+ 41.Kg2 Bd5 42.Rc7+ Kg8 43.Rbc2 Be6
44.R2c5 f4 45.exf4 Qf3+ 46.Kf1 Bg4 47.Rc8+ Kf7 48.R5c7+ Ke6 49.f5+ gxf5  0-1

[Event "I Open"]
[Site "Girona ESP"]
[Date "2010.07.14"]
[Round "2"]
[White "Valle,Lu"]
[Black "Mundet Riera,Jo"]
[Result "1-0"]
[WhiteElo "2285"]
[BlackElo "1893"]

1.c4 e5 2.g3 Nf6 3.Bg2 c6 4.d4 d6 5.Nc3 Be7 6.b3 O-O 7.Bb2 Nbd7 8.e3 Re8
9.Nge2 Qc7 10.O-O Nf8 11.Qc2 Bg4 12.d5 Rad8 13.h3 Bc8 14.Kh2 Ng6 15.f4 Bf8
16.f5 Ne7 17.g4 cxd5 18.g5 Ne4 19.Nxd5 Nxd5 20.Qxe4 Nb6 21.Nc3 Qc5 22.Rad1 a6
23.h4 Qc7 24.Nd5  1-0

[Event "Corporation Centre Cup"]
[Site "Izhevsk RUS"]
[Date "2010.07.15"]
[Round "1"]
[White "Goryachkina,A"]
[Black "Glidzhain,G"]
[Result "1/2-1/2"]
[WhiteElo "2014"]
[BlackElo "2369"]

1.c4 e5 2.g3 Nc6 3.Bg2 g6 4.Nc3 Bg7 5.Nf3 d6 6.O-O f5 7.d3 Nf6 8.Rb1 O-O
9.b4 h6 10.b5 Ne7 11.Nd2 f4 12.Ba3 Nf5 13.Nde4 Nh7 14.c5 Kh8 15.cxd6 cxd6
16.g4 Nh4 17.Bxd6 Bxg4 18.Bxf8 Nxf8 19.b6 Ne6 20.bxa7 Rxa7 21.f3 Bf5 22.Nb5 Rxa2
23.Nbd6 Qa8 24.Ra1 Nd4 25.Nc3 Rxa1 26.Qxa1 Qf8 27.Nxf5 gxf5 28.Qa5 Qd6 29.Rb1 Nc6
30.Qb6 Qe7 31.Kh1 e4 32.Nb5 exd3 33.exd3 Qe2 34.Qg1 Qxd3 35.Qf1 Qd8 36.Rd1 Qg5
37.Nd6 Qe7 38.Qd3 Ne5 39.Qc2 Qe6 40.Qc8+ Qxc8 41.Nxc8 Nexf3 42.Bxf3 Nxf3
43.Rf1 Nd4 44.Rxf4 Be5 45.Rf1 b5 46.Ne7 Kh7 47.Nxf5 Nc2 48.Rf2 Na3 49.Rf3 b4
50.Rb3 Nc2  1/2-1/2